Mechanics of materials (Record no. 6912)

000 -LEADER
fixed length control field 00506nam a2200205 a 4500
001 - CONTROL NUMBER
control field 6912
003 - CONTROL NUMBER IDENTIFIER
control field BD-DhUET
008 - FIXED-LENGTH DATA ELEMENTS--GENERAL INFORMATION
fixed length control field 750825s1976 nyua bi 001 0 eng
040 ## - CATALOGING SOURCE
Original cataloging agency DLC
Transcribing agency DLC
Modifying agency BD-DhUET
082 00 - DEWEY DECIMAL CLASSIFICATION NUMBER
Classification number 620.11
Item number POP/1976
100 ## - MAIN ENTRY--PERSONAL NAME
Personal name Popov, E. P.
245 00 - TITLE STATEMENT
Title Mechanics of materials
250 ## - EDITION STATEMENT
Edition statement 2nd ed.
260 ## - PUBLICATION, DISTRIBUTION, ETC. (IMPRINT)
Place of publication, distribution, etc. New Jersey
Name of publisher, distributor, etc. Prentice-Hall
Date of publication, distribution, etc. 1976
300 ## - PHYSICAL DESCRIPTION
Extent ix,589p.
Other physical details ill.
Dimensions 24 cm.
650 #0 - SUBJECT ADDED ENTRY--TOPICAL TERM
Topical term or geographic name as entry element Strength of materials
700 ## - ADDED ENTRY--PERSONAL NAME
Personal name Nagarajan, S.
700 ## - ADDED ENTRY--PERSONAL NAME
Personal name Lu, Z. A.
942 ## - ADDED ENTRY ELEMENTS (KOHA)
Koha item type General Book
Holdings
Koha date last seen Koha issues (times borrowed) Sublocation or collection (holding branch) Price effective from Koha normalized classification for sorting Copy number Piece designation (barcode) Date acquired Koha full call number Lost status Damaged status Not for loan Location (home branch) Koha date last borrowed Koha item type Shelving location Source of classification or shelving scheme Withdrawn status
2023-12-172Central Library, BUET2014-12-06620_110000000000000_POP_19761661752014-12-06620.11/POP/1976   Central Library, BUET2023-12-02General BookCirculation section  
2014-12-07 Central Library, BUET2014-12-07620_110000000000000_POP_19762210102014-12-07620.11/ POP/1976   Central Library, BUET General BookCirculation section  
2024-01-161Central Library, BUET2014-12-07620_110000000000000_POP_1976378852014-12-07620.11/POP/1976   Central Library, BUET2023-12-11General BookCirculation section  
2015-06-30 Central Library, BUET2015-06-30620_110000000000000_POP_19764454802015-06-30620.11/POP/1976   Central Library, BUET Reading ItemReading section